Estadísticas para Palabras Más Comunes en Francés

Haz click aquí para tomar la prueba!

Estadísticas generales

  • Esta prueba ha sido tomada 2.639 veces
  • La puntuación promedio es 38 de 100

Estadísticas de respuestas

Palabra% Correcto
À
88%
Mon, Ma, Mes
78%
Je
77%
Le, La, L', Les
75%
73%
Ou
73%
Tu
72%
De
68%
Me
68%
Vous
68%
Il, Ils
67%
Son, Sa, Ses
67%
Elle, Elles
65%
Nous
64%
Bon
62%
Un, Une, Des
62%
Et
61%
Être
61%
57%
Oui
56%
Non
54%
Te
54%
Par
53%
Se
53%
Si
51%
Ce
50%
Ce, Cet, Cette, Ces
50%
Du, Des
50%
Au, Aux
49%
Jour
49%
Avoir
48%
Ça
48%
Que
48%
Moi
47%
Ne
46%
On
46%
Pour
45%
En
44%
Pas
43%
Qui
42%
Trois
40%
Aller
39%
Deux
39%
Comme
36%
Mais
36%
Y
36%
Avec
34%
Quoi
33%
Voir
33%
Bien
32%
Lui
31%
Quand
31%
Faire
30%
Sur
30%
An
28%
Plus
28%
Dans
27%
Pouvoir
25%
Très
25%
Parce Que
24%
Tout
24%
Venir
24%
Vouloir
24%
Beaucoup
23%
Dire
23%
Rien
23%
Un Peu
23%
Petit
22%
Savoir
22%
Parler
21%
Après
20%
Grand
20%
Alors
18%
Prendre
18%
Toujours
17%
Cent
16%
Puis
16%
Croire
15%
Devoir
15%
Heure
15%
Mettre
15%
Une Chose
15%
Aussi
14%
Le Temps
14%
Même
14%
Arriver
13%
Autre
13%
Donner
13%
Encore
13%
Falloir
13%
Maintenant
13%
Une Fois
13%
Comprendre
12%
Enfin
11%
Passer
11%
Trouver
11%

Distribución de puntuación

Porcentaje por número respondido

Porcentaje de gente con cada puntuación

Historial de tus puntuaciones

No has tomado esta prueba